Řízení marketingu v pojišťovně

Prezentácia teoreticko-metodologických poznatkov marketingu finančných služieb. Postavenie marketingu poisťovacích služieb v rámci marketingu. Analýza súčasnej úrovne riadenia marketingu v poisťovniach na poistnom trhu Českej a Slovenskej republiky. Fázy riadenia v poisťovniach.

Salvato in:
Dettagli Bibliografici
Autore principale: Majtánová, Anna
Altri autori: Řezáč, František
Natura: Capitolo di libro
Lingua:ceco
Soggetti:
Tags: Aggiungi Tag
Nessun Tag, puoi essere il primo ad aggiungerne!!

MARC

LEADER 00000naa$a2200000$$$4500
001 0043024
005 20240502071518.6
041 0 |a cze 
044 |a SK 
245 1 0 |a Řízení marketingu v pojišťovně  |c Anna Majtánová 
520 |a Prezentácia teoreticko-metodologických poznatkov marketingu finančných služieb. Postavenie marketingu poisťovacích služieb v rámci marketingu. Analýza súčasnej úrovne riadenia marketingu v poisťovniach na poistnom trhu Českej a Slovenskej republiky. Fázy riadenia v poisťovniach. 
610 2 0 |a marketing 
610 2 0 |a Česko 
610 2 0 |a Slovensko 
610 2 0 |a služby finančné 
610 2 0 |a poisťovníctvo 
610 2 0 |a poisťovne 
610 2 0 |a riadenie podľa cieľov 
610 2 0 |a stratégia marketingová 
100 1 |a Majtánová, Anna 
700 1 |a Řezáč, František